Introductory Econometrics A Modern Approach
Guardado en:
| Autor principal: | |
|---|---|
| Formato: | Libro |
| Lenguaje: | inglés |
| Publicado: |
Delhi
Cengage
2020
|
| Edición: | 7th Edition |
| Materias: | |
| Etiquetas: |
Sin Etiquetas, Sea el primero en etiquetar este registro!
|
MARC
| LEADER | 00000nam a2200000 4500 | ||
|---|---|---|---|
| 001 | 0304419 | ||
| 005 | 20250213092630.8 | ||
| 020 | |a 978-93-5573-107-4 | ||
| 020 | |a 93-5573-107-8 | ||
| 041 | 0 | |a eng | |
| 044 | |a IN | ||
| 245 | 1 | 0 | |a Introductory Econometrics |b A Modern Approach |c Jeffrey M. Wooldridge |
| 250 | |a 7th Edition | ||
| 264 | 1 | |a Delhi |b Cengage |c 2020 | |
| 300 | |a 826 s. | ||
| 610 | 2 | 0 | |a ekonometria |
| 610 | 2 | 0 | |a analýza regresná |
| 610 | 2 | 0 | |a rady časové |
| 610 | 2 | 0 | |a spracovanie dát |
| 610 | 2 | 0 | |a modelovanie ekonometrické |
| 100 | 1 | |a Wooldridge, Jeffrey M. | |